Catálogo
 En Linea

Alexis zorba : (Registro nro. 13204)

Detalles MARC
000 -CABECERA
campo de control de longitud fija 00876nam a2200241 a 4500
001 - NÚMERO DE CONTROL
campo de control 000013585
005 - FECHA Y HORA DE LA ÚLTIMA TRANSACCIÓN
campo de control 20200929163258.0
008 - DATOS DE LONGITUD FIJA--INFORMACIÓN GENERAL
campo de control de longitud fija 091125s1974 ag 000 f spa d
040 ## - FUENTE DE LA CATALOGACIÓN
Centro catalogador/agencia de origen DO-SdBNP
Lengua de catalogación spa
Centro/agencia transcriptor BNPHU
082 ## - NÚMERO DE LA CLASIFICACIÓN DECIMAL DEWEY
Número de clasificación 889.3
Número de documento/Ítem K23a, 1974
049 ## - FONDOS LOCALES (OCLC)
Fondos de biblioteca BNGR
100 1# - ENTRADA PRINCIPAL--NOMBRE DE PERSONA
Nombre de persona Kazantzakis, Niko,
Fechas asociadas al nombre 1883-1957
9 (RLIN) 30983
240 10 - TÍTULO UNIFORME
Título uniforme BΙΟΣ ΚΑΙ ΠΟΛΤΕΙΑ ΤΟΥ ΑΛΕΞΗ ΖΟΡΜΠΑ.
Lenguaje de la obra Español
245 10 - MENCIÓN DE TÍTULO
Título Alexis zorba :
Resto del título el griego /
Mención de responsabilidad, etc. Niko Kazantzakis ; traducción castellana de Roberto Guibourg.
250 ## - MENCIÓN DE EDICIÓN
Mención de edición 2a ed.
260 ## - PUBLICACIÓN, DISTRIBUCIÓN, ETC.
Lugar de publicación, distribución, etc. Buenos Aires :
Nombre del editor, distribuidor, etc. Carlos Lohlé,
Fecha de publicación, distribución, etc. 1974.
300 ## - DESCRIPCIÓN FÍSICA
Extensión 322 p. ;
Dimensiones 20 cm.
534 ## - NOTA SOBRE LA VERSIÓN ORIGINAL
Frase introductoria Título original en griego:
Mención de título del original BΙΟΣ ΚΑΙ ΠΟΛΤΕΙΑ ΤΟΥ ΑΛΕΞΗ ΖΟΡΜΠΑ
650 #4 - PUNTO DE ACCESO ADICIONAL DE MATERIA--TÉRMINO DE MATERIA
Término de materia o nombre geográfico como elemento de entrada Novela griega moderna
9 (RLIN) 30984
650 #4 - PUNTO DE ACCESO ADICIONAL DE MATERIA--TÉRMINO DE MATERIA
Término de materia o nombre geográfico como elemento de entrada Literatura griega moderna
9 (RLIN) 30985
700 1# - PUNTO DE ACCESO ADICIONAL--NOMBRE DE PERSONA
Nombre de persona Guibourg, Roberto,
Término indicativo de función/relación tr.
9 (RLIN) 30986
910 ## - DATOS DE OPCIÓN DEL USUARIO (OCLC)
Datos de opción del usuario WM
Existencias
Estado de retiro Estado de pérdida Restricciones de uso No para préstamo Código de colección Localización permanente Ubicación/localización actual Ubicación en estantería Fecha de adquisición Número de inventario Total de préstamos Signatura topográfica completa Código de barras Fecha visto por última vez Precio válido a partir de Tipo de ítem Koha Número de copia
    Préstamo interno   Monografías: Libros y Folletos General General Depósito 25.11.2009 LF1   889.3 K23a, 1974 13585-10 25.06.2020 25.06.2020 Préstamo interno  
    Préstamo restringido Préstamo restrigido Monografías: Libros y Folletos General General Depósito 25.11.2009 LF1   889.3 K23a, 1974 13585-20 25.06.2020 25.06.2020 Préstamo interno e. 2

Con tecnología Koha